000 00406nam a2200157Ia 4500
005 20241029100857.0
008 240126s9999 xx 000 0 und d
020 _a9780470018071
082 _a658.5 RAI;1 R
100 _aRaisanen, Vilho.
245 0 _aService modelling : principles and applications
260 _bJohn wiley
_aEngland
_c2006
300 _axxv, 267
440 _aNULL
942 _cPU
999 _c287115
_d287115